000 01644cam a2200193 4500500
005 20251228095009.0
041 _afre
042 _adc
100 1 0 _aBouit, Delphine
_eauthor
700 1 0 _aLévi, Florence
_eauthor
245 0 0 _aBout-choat
260 _c2014.
500 _a47
520 _aLa parenthèse, en histoire, est un outil heuristique. Elle permet d’identifier le positionnement des universitaires médiévaux sur la question du pouvoir des mots. Elle correspond à l’une des formes du travail historique, qui consiste à s’aménager un champ opératoire. Loin d’être une contrainte, la clôture, pour un historien, est un espace de liberté.
520 _aIn history, parentheses are a heuristic tool. They enable us to identify the stance taken by historians living in the Middle Ages on the issue of the power of words. Moreover, they correspond to one of the ways the historian’s work is carried out, developing a space to operate in. Far from constraining them, boundaries allow historians an area of freedom.
520 _aO parêntesis, em História, é uma ferramenta heurística que permite identificar o posicionamento dos universitários da Idade Média face à questão do poder das palavras. Corresponde, de resto, a uma das formas assumidas pela investigação histórica que consiste em delimitar um terreno operativo. Longe de ser constrangimento, a clausura ou fronteira torna-se, para o historiador, num espaço de liberdade.
786 0 _nSigila | 34 | 2 | 2014-10-01 | p. 167-167 | 1286-1715
856 4 1 _uhttps://shs.cairn.info/revue-sigila-2014-2-page-167?lang=fr&redirect-ssocas=7080
999 _c1605283
_d1605283